Reingeniería de procesos para sistemas de información / (Registro nro. 12120)

Detalles MARC
000 -LEADER
longitud fija campo de control 01677nam a22003497a 4500
003 - IDENTIFICADOR DE NUMERO DE CONTROL
control del campo AR-RoUNA
005 - FECHA DE LA ULTIMA MODIFICACION
control del campo 20250916161203.0
008 - CAMPO DE CONTROL - LIBROS
longitud fija campo de control 250916b |||||||| |||| 00| 0 spa d
040 ## - ORIGEN DE LA CATALOGACION
Agencia que cataloga la obra original AR-RoUNA
Idioma en que se cataloga spa
Entidad que modifico el registro AR-RoUNA
041 ## - CODIGO DE IDIOMA
Codigo de idioma del texto / sonido o titulo separado spa
044 ## - CODIGO DE PAIS / ENTIDAD PRODUCTORA
Codigo MARC del pais ag
100 1# - ASIENTO PRINCIPAL - NOMBRE PERSONAL
9 (RLIN) 27432
Nombre personal Escobar, Eduardo E.
245 10 - TITULO PROPIAMENTE DICHO
Titulo Reingeniería de procesos para sistemas de información /
Mencion de responsabilidad, etc Eduardo E. Escobar; Ariel Santillán Escudero y Ignacio Nahuel Silva.
260 ## - EDITORIAL - PUBLICACION, DISTRIBUCION, ETC. (Pie de imprenta)
Lugar de publicacion, distribucion, etc La Rioja (Argentina):
Nombre del editor, distribuidor, etc Universidad Nacional de La Rioja,
Fecha de publicacion 2025.
300 ## - DESCRIPCION FISICA
Extension 131 p.:
Dimensiones 30x21 cm.
505 0# - NOTA DE CONTENIDO CON FORMATO
Título INDICE
505 0# - NOTA DE CONTENIDO CON FORMATO
Título PROLOGO
505 0# - NOTA DE CONTENIDO CON FORMATO
Título CAPITULO 1
505 0# - NOTA DE CONTENIDO CON FORMATO
Título principal LA TEORIA GENERAL DE SISTEMAS
505 0# - NOTA DE CONTENIDO CON FORMATO
Título CAPITULO 2
505 0# - NOTA DE CONTENIDO CON FORMATO
Título principal LA REINGENIERIA DE LAS ORGANIZACIONES
505 0# - NOTA DE CONTENIDO CON FORMATO
Título CAPITULO 3
505 0# - NOTA DE CONTENIDO CON FORMATO
Título principal LA REINGENIERIA SISTEMATICA EN LA ERA DIGITAL. FLOW
520 3# - NOTA DE RESUMEN
Nota de resumen, etc. La presentación de esta obra responde a la necesidad de contar con un material actualizado y contextualizado para la información de futuros ingenieros y especialistas en gestión de procesos. En un contexto donde la transformación digital y la inteligencia artificial redefinen las estructuras organizacionales, la reingeniería de procesos en sistemas de información se convierte en una competencia esencial. esta obra busca llenar un vacío en la bibliografía en español, articulando teoría y practica con ejemplos aplicados y metodologías probadas en entornos reales.
700 1# - ENTRADA SECUNDARIA - NOMBRES PERSONALES
Nombre personal Santillán Escudero, Ariel
9 (RLIN) 27436
700 1# - ENTRADA SECUNDARIA - NOMBRES PERSONALES
Nombre personal Silva, Ignacio Nahuel.
9 (RLIN) 27437
908 ## - SOPORTE
Soporte Imp
930 ## - ACCESION
Numero de accesion (NR) 12241
942 ## - FUENTE DE CLASIFICACION
Clasificacion Universal Decimal Classification
Tipo de item Libro
945 ## - INFORMACION DE PROCESAMIENTO
Fecha de ingreso o modificacion 2025-09-16
980 ## - DECLARACIÓN DE EQUIVALENCIA O SERIE DE REFERENCIA CRUZADA - NOMBRE / TÍTULO PERSONAL [LOCAL, CANADÁ]
Código del operador 5
Nombre del operador María Machado
Código del operador que modifico el registro 1
Nombre del operador que modifico el registro Maricel Allasia
Existencias
Estado retiro Estado perdido Sistema de clasificacion Estado general Restricciones de uso Biblioteca de origen Ubicacion actual Localizacion en estante Fecha de adquisicion Fuente de adquisicion Prestamos totales Signatura y librística Proveedor Numero de ejemplar Tipo de elemento KOHA Nota no publica
Disponible Disponible cdu No dañado Ningun uso de restricciones Arq. Hilarión H. Larguia Arq. Hilarión H. Larguia Tec 16/09/2025 Don   004.82 ES74 18375 ej. 1 Libro